[Event "4. Open Municipio de Sanxenxo"]
[Site "Sanxenxo ESP"]
[Date "2007.06.24"]
[Round "9.2"]
[White "Reinaldo Castineira, Roi"]
[Black "Caselas Cabanas, Jacobo"]
[Result "1-0"]
[WhiteElo "2452"]
[BlackElo "2423"]
[PlyCount "67"]
[EventDate "2007.06.16"]
[EventType "swiss"]
[EventRounds "9"]
[EventCountry "ESP"]
[Source "lmi"]
[SourceDate "2007.06.16"]

1. e4 e6 2. d4 d5 3. e5 c5 4. c3 Nc6 5. Nf3 Nh6 6. Bd3 cxd4 7. cxd4 Nf5 8. Bxf5
exf5 9. Nc3 Be6 10. Ne2 Be7 11. h4 h6 12. Kf1 Qb6 13. g3 O-O-O 14. Kg2 Kb8 15.
b3 Rc8 16. a3 Rc7 17. Bd2 Rcc8 18. b4 Rcg8 19. Rb1 Qd8 20. Qa4 Ka8 21. b5 Nb8
22. b6 a6 23. Nc3 Bd7 24. Qa5 Bc6 25. Rhc1 g5 26. Nb5 Bxb5 27. Rxb5 gxh4 28.
Rxd5 Qf8 29. Bf4 hxg3 30. fxg3 Rg6 31. Rc7 Rhg8 32. e6 Rxe6 33. Rdd7 Nxd7 34.
Qxa6+ 1-0

[Event "4. Open Municipio de Sanxenxo"]
[Site "Sanxenxo ESP"]
[Date "2007.06.24"]
[Round "9.3"]
[White "Gashimov, Vugar"]
[Black "Vonthron, Horst"]
[Result "1-0"]
[WhiteElo "2644"]
[BlackElo "2305"]
[PlyCount "79"]
[EventDate "2007.06.16"]
[EventType "swiss"]
[EventRounds "9"]
[EventCountry "ESP"]
[Source "lmi"]
[SourceDate "2007.06.16"]

1. e4 c5 2. Nf3 d6 3. d4 cxd4 4. Nxd4 Nf6 5. Nc3 a6 6. Bg5 e6 7. f4 Qc7 8. Bxf6
gxf6 9. Qd2 Nc6 10. O-O-O Bd7 11. Bc4 O-O-O 12. Kb1 Kb8 13. Rhf1 Nxd4 14. Qxd4
Be7 15. Bb3 Qc5 16. Qd3 h5 17. Qh3 h4 18. Rde1 Rdg8 19. f5 Qe5 20. Ne2 Bd8 21.
Nf4 Bb5 22. fxe6 fxe6 23. Bxe6 Bxf1 24. Rxf1 Rg5 25. Bd5 Qe7 26. a3 Ba5 27. Rf3
Rh7 28. Rb3 Qe5 29. Ne6 Rg8 30. Nc5 dxc5 31. Bxg8 Rc7 32. Qxh4 c4 33. Rf3 c3
34. b4 Bxb4 35. axb4 Qd4 36. Qe1 Qxb4+ 37. Bb3 a5 38. Rd3 a4 39. Rd8+ Ka7 40.
Qe3+ 1-0

[Event "4. Open Municipio de Sanxenxo"]
[Site "Sanxenxo ESP"]
[Date "2007.06.24"]
[Round "9.4"]
[White "Giorgadze, Giorgi"]
[Black "De La Villa Garcia, Jesus M"]
[Result "1/2-1/2"]
[WhiteElo "2610"]
[BlackElo "2457"]
[PlyCount "30"]
[EventDate "2007.06.16"]
[EventType "swiss"]
[EventRounds "9"]
[EventCountry "ESP"]
[Source "lmi"]
[SourceDate "2007.06.16"]

1. d4 Nf6 2. Nf3 g6 3. Nc3 d5 4. Bf4 Bg7 5. e3 Bg4 6. Be2 c6 7. O-O Nbd7 8. h3
Bxf3 9. Bxf3 O-O 10. a4 Re8 11. a5 e5 12. dxe5 Nxe5 13. Be2 a6 14. Ra4 Ned7 15.
b4 Nh5 1/2-1/2

[Event "4. Open Municipio de Sanxenxo"]
[Site "Sanxenxo ESP"]
[Date "2007.06.24"]
[Round "9.5"]
[White "Wippermann, Till"]
[Black "Rodriguez, Lopez Rafael"]
[Result "1-0"]
[WhiteElo "2422"]
[BlackElo "2271"]
[PlyCount "83"]
[EventDate "2007.06.16"]
[EventType "swiss"]
[EventRounds "9"]
[EventCountry "ESP"]
[Source "lmi"]
[SourceDate "2007.06.16"]

1. e4 c5 2. Nf3 Nc6 3. Bb5 e6 4. Bxc6 bxc6 5. d3 f6 6. O-O Ne7 7. Nh4 g6 8. f4
Bg7 9. Nf3 d6 10. Nc3 O-O 11. e5 fxe5 12. fxe5 d5 13. Na4 c4 14. d4 h6 15. c3
Nf5 16. Qe1 Rf7 17. g4 Ne7 18. Qh4 Qf8 19. Kg2 Rb8 20. Nc5 g5 21. Qh5 Qe8 22.
b3 Rf8 23. Qxe8 Rxe8 24. h4 gxh4 25. Nxh4 Rf8 26. Ba3 Rf7 27. bxc4 dxc4 28.
Rab1 Rb6 29. Rxf7 Kxf7 30. Rf1+ Ke8 31. Ne4 Ra6 32. Bxe7 Rxa2+ 33. Kg3 Kxe7 34.
Ng6+ Kd8 35. Rf7 Re2 36. Kf3 Re1 37. Rxg7 a5 38. Nd6 Bd7 39. Kf2 Rc1 40. Nf8
Bc8 41. Ra7 Rc2+ 42. Ke1 1-0

[Event "4. Open Municipio de Sanxenxo"]
[Site "Sanxenxo ESP"]
[Date "2007.06.24"]
[Round "9.6"]
[White "Ramesh, R B."]
[Black "Rudolph, Johannes"]
[Result "1-0"]
[WhiteElo "2471"]
[BlackElo "2266"]
[PlyCount "61"]
[EventDate "2007.06.16"]
[EventType "swiss"]
[EventRounds "9"]
[EventCountry "ESP"]
[Source "lmi"]
[SourceDate "2007.06.16"]

1. d4 d5 2. Nf3 Nf6 3. c4 c6 4. Nc3 dxc4 5. a4 c5 6. d5 e6 7. e4 Nxe4 8. Nxe4
exd5 9. Nc3 Be6 10. g3 Be7 11. Ne2 Nc6 12. Nf4 O-O 13. Bg2 Bf6 14. O-O Qd6 15.
Nh5 Be7 16. Re1 Bg4 17. Nf4 Rad8 18. h3 Bc8 19. Ra3 g6 20. Nd2 Be6 21. Rae3 Bg5
22. Rxe6 fxe6 23. Nxe6 Bf6 24. Nxf8 Qxf8 25. Nf3 Qg7 26. Ng5 Nd4 27. Ne6 Nxe6
28. Bxd5 Kh8 29. Rxe6 Bd4 30. Qe2 Qf7 31. Bh6 1-0

[Event "4. Open Municipio de Sanxenxo"]
[Site "Sanxenxo ESP"]
[Date "2007.06.24"]
[Round "9.7"]
[White "Patino Romaris, Juan Roberto"]
[Black "Vila Gazquez, Xavier"]
[Result "0-1"]
[WhiteElo "2241"]
[BlackElo "2415"]
[PlyCount "96"]
[EventDate "2007.06.16"]
[EventType "swiss"]
[EventRounds "9"]
[EventCountry "ESP"]
[Source "lmi"]
[SourceDate "2007.06.16"]

1. d4 Nf6 2. c4 e6 3. Nc3 Bb4 4. e3 Nc6 5. Nge2 d5 6. a3 Be7 7. Nf4 dxc4 8.
Bxc4 e5 9. Nfe2 exd4 10. exd4 O-O 11. O-O a6 12. Bf4 Bd6 13. Qd2 Bxf4 14. Qxf4
Ne7 15. h3 c6 16. Rad1 Ned5 17. Qd2 Be6 18. Bd3 Re8 19. Na4 Qc7 20. Nc5 Rad8
21. Rfe1 Bc8 22. Bb1 Re7 23. Ng3 Rxe1+ 24. Rxe1 Nf4 25. Nf5 Bxf5 26. Bxf5 N4d5
27. Rd1 g6 28. Bb1 Kg7 29. Ba2 a5 30. Re1 b6 31. Nd3 Qd6 32. Qc1 Rc8 33. Qc4
Rc7 34. Re5 Nd7 35. Re1 Nf8 36. Ne5 b5 37. Qc1 Ne6 38. Nf3 b4 39. axb4 Qxb4 40.
Rd1 a4 41. Qc4 Qxb2 42. Rb1 Qa3 43. Rb8 Nc3 44. Bb1 Qa1 45. Kh2 a3 46. Bd3 a2
47. Ne5 Qc1 48. Nxf7 Qf4+ 0-1

[Event "4. Open Municipio de Sanxenxo"]
[Site "Sanxenxo ESP"]
[Date "2007.06.24"]
[Round "9.8"]
[White "Lariño Nieto, David"]
[Black "Cruz Alvarez De Ron, Dan"]
[Result "1-0"]
[WhiteElo "2404"]
[BlackElo "2194"]
[PlyCount "111"]
[EventDate "2007.06.16"]
[EventType "swiss"]
[EventRounds "9"]
[EventCountry "ESP"]
[Source "lmi"]
[SourceDate "2007.06.16"]

1. e4 e6 2. d3 d5 3. Nd2 Nf6 4. Ngf3 Nc6 5. c3 a5 6. g3 e5 7. Bg2 dxe4 8. dxe4
Bc5 9. O-O O-O 10. Qc2 b6 11. Nb3 Bd6 12. h3 Bb7 13. Nh4 Re8 14. Nf5 Bf8 15.
Bg5 a4 16. Nc1 h6 17. Rd1 hxg5 18. Rxd8 Rexd8 19. Nd3 Rd7 20. Rd1 Rad8 21. Ne3
b5 22. Nd5 Bd6 23. Qc1 Nh7 24. Bf3 Re8 25. Qe3 Na5 26. Be2 Nc4 27. Qa7 c6 28.
Nb6 Bb8 29. Qxb8 Rxb8 30. Nxd7 Re8 31. N3c5 Bc8 32. Bxc4 bxc4 33. Nb6 Bxh3 34.
Nxc4 Bg4 35. Rd6 Bf3 36. Nd2 Be2 37. Nxa4 g4 38. c4 Ng5 39. Nc3 Nf3+ 40. Nxf3
Bxf3 41. Kf1 Rc8 42. Ke1 Kf8 43. Kd2 Ke7 44. c5 g6 45. Ke3 f5 46. Rxg6 Rb8 47.
b3 fxe4 48. Nxe4 Ra8 49. Nd2 Kf7 50. Rg5 Bd1 51. a4 Ke6 52. Rg6+ Kd5 53. Rd6+
Kxc5 54. Ne4+ Kb4 55. Rxd1 Kxb3 56. Rc1 1-0

[Event "4. Open Municipio de Sanxenxo"]
[Site "Sanxenxo ESP"]
[Date "2007.06.24"]
[Round "9.9"]
[White "Perez Fungueiro, Manuel A"]
[Black "Recuero Guerra, David"]
[Result "0-1"]
[WhiteElo "2226"]
[BlackElo "2372"]
[PlyCount "102"]
[EventDate "2007.06.16"]
[EventType "swiss"]
[EventRounds "9"]
[EventCountry "ESP"]
[Source "lmi"]
[SourceDate "2007.06.16"]

1. c4 e5 2. Nc3 Nf6 3. Nf3 Nc6 4. g3 Nd4 5. Bg2 Nxf3+ 6. Bxf3 Bb4 7. Qb3 Bc5 8.
d3 h6 9. Na4 Bd6 10. c5 Be7 11. Be3 O-O 12. O-O Re8 13. Rfc1 Bf8 14. Qc2 c6 15.
b4 d5 16. cxd6 Bxd6 17. Rab1 Bg4 18. Bg2 Nd5 19. Bc5 Nc7 20. Bxd6 Qxd6 21. Nc5
Nb5 22. Nxb7 Qe7 23. Na5 Na3 24. Nxc6 Qd6 25. Qb2 Nxb1 26. Rxb1 e4 27. b5 exd3
28. exd3 Qxd3 29. Ne5 Rxe5 30. Bxa8 Re2 31. Qb4 Rxa2 32. Re1 Re2 33. Bc6 Rxe1+
34. Qxe1 Qd1 35. Qxd1 Bxd1 36. Bd5 Kf8 37. Kf1 Ke7 38. Ke1 Ba4 39. Bc4 f6 40.
Kd2 Kd6 41. Ke3 Kc5 42. Ba2 Bxb5 43. Ke4 Bc4 44. Bb1 Bg8 45. Kf4 a5 46. h4 a4
47. g4 a3 48. g5 hxg5+ 49. hxg5 Kd4 50. Kf5 Bh7+ 51. g6 Bg8 0-1

[Event "4. Open Municipio de Sanxenxo"]
[Site "Sanxenxo ESP"]
[Date "2007.06.24"]
[Round "9.10"]
[White "Del Barrio Gomez, Jesus M"]
[Black "Wintzer, Joachim"]
[Result "1/2-1/2"]
[WhiteElo "2228"]
[BlackElo "2351"]
[PlyCount "38"]
[EventDate "2007.06.16"]
[EventType "swiss"]
[EventRounds "9"]
[EventCountry "ESP"]
[Source "lmi"]
[SourceDate "2007.06.16"]

1. c4 e6 2. g3 c5 3. Bg2 Nc6 4. Nf3 Nf6 5. O-O Be7 6. b3 O-O 7. Bb2 d5 8. cxd5
Nxd5 9. d4 cxd4 10. Nxd4 Bd7 11. Nc3 Nxc3 12. Bxc3 Qc8 13. Qc1 Rd8 14. Qb2 Bf8
15. Rac1 Qc7 16. Nxc6 Bxc6 17. Bxc6 bxc6 18. Rfd1 Rxd1+ 19. Rxd1 Rd8 1/2-1/2